00686nam a2200253Ia 4500008004100000020001800041050001400059100001900073245003400092245003500126245002500161260002500186260001600211260000900227300001400236300002800250300001000278500000900288650004300297650002900340650002900369650002300398700001100421190123s9999 xx 000 0 und d a9780545273978 bN735 2008 aNivola, Claire 0aPlanting the trees of Kenya : 4bthe story of Wangari Maathai / 0cby Claire A. Nivola. aNew York, New York : bScholastic, c2008 aunpaged : bcolored illustrations ; c23cm. a870L aGreen Belt Movement (Society : Kenya). aTree planters (Persons). aWomen conservationsists. aWomen politicians. aTitle.